| 000 | 03693nam0a2200421 4500 | ||
|---|---|---|---|
| 001 | RU\NLR\BIBL_A\012150961 | ||
| 005 | 20240528181521.0 | ||
| 010 | _a978-5-7876-0371-2 | ||
| 021 |
_aRU _bКН-П-19-081101 _9КН-П-19-5891 |
||
| 035 | _a(NLR Aleph) 012150961 | ||
| 035 | _a(RuMoRGB)010136000 | ||
| 090 |
_a12148191 _c12148191 |
||
| 100 | _a20191202d2019 k y0rusy50 ca | ||
| 101 | 0 | _arus | |
| 102 | _aRU | ||
| 105 | _aa|||z|||000zy | ||
| 200 | 1 |
_aСовершенствование системы психофизической подготовки специалистов транспортной отрасли с использованием инновационных методов преподавания _eВсероссийская научно-практическая конференция _eсборник трудов _fМинистерство транспорта Российской Федерации, Федеральное государственное бюджетное образовательное учреждение высшего образования "Российский университет транспорта (МИИТ)", Институт экономики и финансов, Кафедра "Физическая культура" _gпод редакцией кандидата педагогических наук, доцента, профессора Российской академии естественных наук Фирсина С. А., кандидата педагогических наук, доцента Маскаевой Т. Ю. |
|
| 210 |
_aМосква _cРоссийский университет транспорта (МИИТ) _d2019 |
||
| 215 |
_a253 с. _cил., табл. _d30 |
||
| 320 | _aБиблиогр. в конце ст. | ||
| 606 | 1 |
_aПрофессионально-прикладная физическая подготовка _jСъезды, совещания и т.п _xВысшие транспортные учебные заведения _92425244 _3RU\NLR\AUTH\6601662441 |
|
| 606 | 1 |
_aФизическая культура и спорт _jСъезды, совещания и т.п _xПреподавание _xВысшие транспортные учебные заведения _92260032 _3RU\NLR\AUTH\6601585019 |
|
| 606 | 1 |
_aСтуденты _jСъезды, совещания и т.п _xПсихофизиологические исследования _92319066 _3RU\NLR\AUTH\661387479 |
|
| 686 | 1 | _aЧ511.1,6(2)531.8я431 | |
| 686 | 1 | _aЧ511.7я431 | |
| 686 | 1 | _aЧ486.73я431 | |
| 686 | 1 | _aЮ932.1-214я431 | |
| 686 | 1 | _aЮ948.1-8я431 | |
| 702 | 1 |
_aФирсин _bС. А. _gСергей Анатольевич _4340 |
|
| 702 | 1 |
_aМаскаева _bТ. Ю. _gТатьяна Юрьевна _4340 |
|
| 711 | 1 | 2 |
_a"Совершенствование системы психофизической подготовки специалистов транспортной отрасли с использованием инновационных методов преподавания", всероссийская научно-практическая конференция _d1 _eМосква _f2018 _9686847 _3RU\NLR\AUTH\880513157 |
| 712 | 0 | 2 |
_4570 _aРоссийский университет транспорта _bИнститут экономики и финансов _bКафедра "Физическая культура" _9602739 _3RU\NLR\AUTH\880470485 |
| 942 | _cBOOK | ||
| 980 | _aNBR | ||
| 980 | _aNB | ||